Clito - Maluma, Lenny Tavárez, Dalex, Brray - Estadísticas

Estadísticas generales
  • Esta prueba ha sido intentada 408 veces
  • La puntuación promedio es 168 de 435
Estadísticas de respuestas
Letra % Correcto
a
100%
A
100%
como
100%
e'
100%
le
100%
Mi
100%
mi
100%
100%
su
100%
to'
100%
100%
tú,
100%
100%
y
100%
Y
100%
aroma
50%
aroma,
50%
bebé
50%
Cama
50%
clito
50%
coma,
50%
coma
50%
coma'
50%
con
50%
cuatro
50%
de
50%
el
50%
en
50%
ere'
50%
eres
50%
gusta
50%
gyal
50%
la
50%
La
50%
Las
50%
lo
50%
los
50%
MadMusick
50%
Me
50%
me
50%
mía'
50%
no
50%
No
50%
Pa'
50%
pa'
50%
polvo
50%
por
50%
Porque
50%
que
50%
Que
50%
Qué
50%
quede
50%
quiere
50%
Quiere
50%
rico
50%
se
50%
Si
50%
sin
50%
Suavecito
50%
te
50%
ti
50%
Toma,
50%
toma,
50%
toma
50%
Toma
50%
ver
50%
acaricie
0%
adentro
0%
aire
0%
amé
0%
asoma
0%
atengo
0%
aunque
0%
Aunque
0%
baby,
0%
Bechamel
0%
bellaca,
0%
bellaquéame
0%
bellaquera'
0%
bellaquera
0%
Bésame
0%
besarme
0%
bese
0%
besó
0%
beso
0%
boss,
0%
broma
0%
calienta',
0%
caliente
0%
carro
0%
casi
0%
chingar
0%
chingarme
0%
city
0%
comerte
0%
condón
0%
confieso
0%
Conmigo
0%
consecuencias
0%
Contigo
0%
dame
0%
detengo
0%
dice',
0%
diga:
0%
digo:
0%
dijo
0%
do'
0%
doma
0%
domé
0%
echarte
0%
ella
0%
Ella
0%
es
0%
Esa
0%
escena
0%
ese
0%
eso
0%
estaba
0%
estamo'
0%
exceso
0%
expreso
0%
filtró
0%
fuma'
0%
goma,
0%
Grabamo'
0%
hablar
0%
hacemo'
0%
importo
0%
is
0%
king
0%
Lengua
0%
llega
0%
Mahoma
0%
más
0%
Mientra'
0%
Mírame
0%
nadie
0%
natural
0%
Ñengo
0%
ni
0%
nunca
0%
otra
0%
otro
0%
Otro
0%
paramo'
0%
perfume
0%
perse
0%
pide
0%
Pinchando
0%
podré
0%
quedo
0%
queen
0%
quería
0%
Roma
0%
salvarme
0%
seguro
0%
shorty,
0%
solo
0%
son
0%
Soy
0%
'Tás
0%
tengo
0%
This
0%
tiene'
0%
trae
0%
tus
0%
tuya'
0%
uh-
0%
uh
0%
un
0%
Un
0%
una
0%
vece'
0%
vengo
0%
vez
0%
video,
0%
viene,
0%
viene',
0%
vuelva
0%
vuelve
0%
Yeih
0%
yo
0%
No se encontraron pruebas coincidentes
Distribución de puntuación
Porcentaje de gente con cada puntuación
Porcentaje por número respondido
Historial de tus puntuaciones
No has intentado esta prueba.